Central Library OPAC University of Rajshahi

The Mohammadan dynasties : (Record no. 27931)

MARC details
000 -LEADER
fixed length control field 00858nam a2200253 a 4500
001 - CONTROL NUMBER
control field 27931
003 - CONTROL NUMBER IDENTIFIER
rucl marc code BD-RjUL
005 - DATE AND TIME OF LATEST TRANSACTION
control field 20211209051223.0
008 - FIXED-LENGTH DATA ELEMENTS--GENERAL INFORMATION
fixed length control field 181022r19251893fr j 001 0 eng d
035 ## - SYSTEM CONTROL NUMBER
System control number (BD-RjUL)28012
040 ## - CATALOGING SOURCE
Original cataloging agency NRC
Transcribing agency NRC
Language of cataloging eng
041 ## - LANGUAGE CODE
Language code of text/sound track or separate title eng
043 ## - GEOGRAPHIC AREA CODE
Geographic area code a------
-- f------
082 ## - DEWEY DECIMAL CLASSIFICATION NUMBER
Edition number 23
Classification number 909.09767
Author mark and year LAM 1925
100 1# - MAIN ENTRY--PERSONAL NAME
Personal name Lane-Poole, Stanley,
Dates associated with a name 1854-1931.
9 (RLIN) 223997
245 14 - TITLE STATEMENT
Title The Mohammadan dynasties :
Remainder of title chronological and genealogical tables with historical introductions /
Statement of responsibility, etc. by Stanley Lane-Poole.
260 ## - PUBLICATION, DISTRIBUTION, ETC. (IMPRINT)
Place of publication, distribution, etc. Paris :
Name of publisher, distributor, etc. P. Geuthner,
Date of publication, distribution, etc. 1893 [Reprinted 1925]
300 ## - PHYSICAL DESCRIPTION
Pagination xxviii, 361 p. :
Illustrations Ill. ; ;
Size 21 cm.
650 ## - SUBJECT ADDED ENTRY--TOPICAL TERM
Topical term or geographic name as entry element Chronology, Mohammedan
9 (RLIN) 224016
Topical term or geographic name as entry element Muslims
General subdivision History
9 (RLIN) 224017
651 ## - SUBJECT ADDED ENTRY--GEOGRAPHIC NAME
Geographic name Islamic Empire
General subdivision Genealogy
9 (RLIN) 224018
Geographic name Islamic Empire
General subdivision Kings and rulers
9 (RLIN) 224019
942 ## - ADDED ENTRY ELEMENTS (KOHA)
Source of classification or shelving scheme Dewey Decimal Classification
Koha item type Books
Holdings
Lost status Source of classification or shelving scheme Damaged status Not for loan Collection code Permanent Location Current Location Shelving location Date acquired Total Checkouts Full call number Date last seen Copy number Koha item type Source of acquisition Cost, normal purchase price
  Dewey Decimal Classification   Not For Loan Rare Books Central Library, University of Rajshahi Central Library, University of Rajshahi Rare Book Section 26/07/1966   RA 909.09767 LAM 1925 22/10/2018 C-1 Rare Books    
  Dewey Decimal Classification     Non-fiction Central Library, University of Rajshahi Central Library, University of Rajshahi   24/03/1964   909.09767 LAM 1925 22/10/2018 C-2 Books Zeitlinger 95.00